Statistics for Ultimate Harry Potter And The Cursed Child Quiz

Click here to take the quiz!

General Stats

  • This quiz has been taken 113 times
    (111 since last reset)
  • The average score is 101 of 251

Answer Stats

QuestionAnswer% Correct
Who was married to Harry and Mother to their three children?Ginny
89%
And his youngest son's name was what? | Who told Cedric that his dad loved him.very much?Albus
87%
What was the name of Harry's daughter who was his youngest child?Lily
87%
What was the name of Harry's eldest son?James
86%
How many Acts does this Play have altogether?4
84%
In the alternate present who was the most wanted rebel in the Wizarding World? | Who did Delphi transform into? | Who was this person married to?Hermione
84%
Who did Albus transform into? | Who did Harry's daughter run to see on the platform? | Who got hurt after Scorpius and the others managed to block Albus' spell on Cedrics wand using the Time Turner after they got back to the present?Ron
84%
And what was the name of their daughter? | Who did Scorpius ask to the Ball although they turned him down?Rose
84%
Complete this Ginny quote 'All you have to do is walk straight at the wall between platforms ... and ...' what two numbers are missing?9 10
81%
And what was the name of their son?Hugo
79%
How old was Harry in this story?37
76%
Who was revealed to be Delphi's real father?Lord Voldemort
75%
In the first scene at which location were the characters?Kings Cross Station
73%
Who did Rose say was supposedly the Father of Scorpius?Voldemort
73%
Complete this Rose quote 'On the contrary it's exciting.I'm a Granger Weasley you're a Potter everyone will want to be ... with us we've got the pick of anyone we want' what word is missing?friends
71%
Who did Hermione tell Rose to send her love to?Neville
71%
What was the full name of the boy Albus and Rose shared a carriage with on the train to Hogwarts?Scorpius Malfoy
70%
Complete this Harry quote 'Hogwarts will be the making of you Albus.I promise you there is nothing to be ... of there' what word is missing?frightened
68%
Complete this Harry quote 'Albus Severus you were named after two ... of Hogwarts.One of them was a Slytherin and he was probably the bravest man I ever knew' what's the missing word?Headmasters
68%
Complete this Ginny quote 'People always ... when you three are together and apart.People always . at you' what word is missing twice?look
68%
What did Harry tell his son will take his feelings into account?Sorting Hat
68%
How often did Harry's wife say she would write to their youngest son?Everyday
67%
Which House was both Scorpius and Albus sorted into?Slytherin
67%
What did James tell Albus to watch out for that are invisible but not to those who have seen death?Thestrals
67%
Complete this Harry quote 'You know it wasn't until we thought Albus had gone that I truly understood what my mother was able to do for me.A countercharm so powerful that it was able to repel the spell of ...' what?Death
65%
Which House did Rose get sorted into?Gryffindor
65%
Complete this Scorpius quote 'Professor Croaker's Law-the furthest someone can go back in time without the possibility of serious harm to the traveller or to time itself is ... hours' how many?5
62%
And what was his the name of his son that he wanted Harry's help to get bsck?Cedric
62%
Complete this quote from the Sorting Hat 'I've done this job for centuries On every students head i've sat Of thoughts I take inventories For i'm the famous Sorting Hat I've sorted high i've sorted low i've done the job through thick and thin So put me on and you will know which ... you should be in' what word is missing?House
62%
Complete this Harry quote 'Don't stop and don't be scared you'll crash into it that's very important.Best to do it at a run if you're ...' what?nervous
60%
Did Harry save his parents from being killed by Voldemort?No
60%
What did Rose say this person's parents were?Death Eaters
59%
What was the name of the girl who looks after this man who she tells Albus is also her Uncle?Delphini
59%
How did Delphi escape after destroying the Time Turner?Flew
59%
And who did Scorpius transform into? | Who did Albus and Scorpius decide to send a message to from the past? | Who had a messy office with neglected paperwork at the Ministry?Harry
59%
Complete this Delphi quote 'Today you get an opportunity few are given.Today you get to change history. to change ... itself.But more than all that today you get the chance to give an old man his son back' what word is missing?time
59%
And what was the magical object he took from them?Time Turner
59%
Who came to see Harry at his house in the middle of the night to talk about his son? (full name please)Amos Diggory
56%
Complete this Albus quote 'Slytherin is the House of the snake of Dark magic It's not a house of ... wizards' what word is missing?brave
56%
Which position did Rose play in for Gryffindor Quidditch team?Chaser
56%
Which lesson do we see the students having on stage first?Flying
56%
Which class did we see Albus take next in the play during his second year at Hogwarts?Potions
56%
How old were Rose and Albus when they were best friends?6
54%
And which teacher taught them this lesson?Madam Hooch
54%
What job title did Hermione have at The Ministry?Minister Of Magic
54%
Complete this Albus quote 'So what would you like me to do? Magic myself popular? Conjure myself into a new House? Transfigure myself into a better student? Just cast a .. Dad and change me into what you want me to be okay? It'll work better for both of us' what word is missing?spell
54%
What did Madam Pomfrey tell Albus to eat a lot of?chocolate
52%
What did Ron tell Harry he passed although Hermione thought he wouldn't without having to put a spell on the examiner?Driving Test
52%
Complete this Draco quote 'These rumours about my sons parentage they don't seem to be going away.The other Hogwarts students tease Scorpius about it relentlessly.If the Ministry could release a statement reaffirming that all Time Turners were destroyed in the Battle of the Department of ...' what?Mysteries
52%
Who did Harry say he had been exchanging owls with because of Albus' behaviour at Hogwarts?Professor McGonagall
52%
Complete this Hermione quote 'If some part of Voldemort survived in whatever form we need to be prepared and i'm ...' what?scared
52%
Complete this quote from this person 'Voldemort wanted you! Not my son! You told me yourself the words he said were Kill the ... The ... My son my beautiful son was a ...' what word is missing three times?spare
52%
And what did they decide to use to send them this message on? | What did Harry give Albus as he thought it might bring him some luck?blanket
51%
Which Professor spoke to Harry from their portrait in the hospital wing?Dumbledore
51%
What did Rose do to Albus to try to get him to stop talking to that person?hit him
51%
This portrait told Harry he was blinded by what?love
51%
What colour did the magic comb Ron sent James turn his hair?pink
51%
Who was Potions master in the alternate present?Professor Snape
51%
What did Ron say Hogwarts was full of and he wishes he could go back?food
49%
Which Magical place did Albus not want to visit in his third year at Hogwarts because he hated it?Hogsmeade
49%
Which Quidditch position did Scorpius play in for Slytherin?Seeker
49%
How many years had it been since Voldemort was defeated and The Battle Of Hogwarts took place?22
48%
Complete this Delphi quote 'I want a return to pure and strong magic. I want to rebirth the ...' what?Dark
48%
In this alternate present was Harry dead or alive?dead
48%
The riddle this book gave them the name of what creatures?Dementors
48%
After Scorpius returns from trying to stop Cedric the second time who was headmistress of Hogwarts in the alternate present?Dolores Umbridge
48%
Harry told Albus he had a what type of heart?good
48%
What spell did Albus use on a ball of paper on the station platform that set it on fire? | Which spell did Harry and Delphi fire at each other simultaneously?Incendio
48%
In the alternate present who was Ron married to?Padma
48%
Complete this Scorpius quote 'The .... is that my parents couldn't have children.That my Father and Grandfather were so desperate for a powerful heir to prevent the end of the Malfoy line that they used a Time Turner to send my Mother back' what word is missing?rumour
48%
Complete this Sorting Hat quote 'Are you afraid of what you'll hear? Afraid i'll speak the name you fear? Not Slytherin Not Gryffindor Not Hufflepuff Not Ravenclaw Din't worry .. I know my job You'll learn to laugh if first you sob' what's the missing word?child
46%
What did she tell Albus she was there to steal?chocolate frogs gold and wand
46%
Which substance did the pair use to help them breathe underwater when they travelled through the pipe to the lake?Gillyweed
46%
In which room in the Potter's house did Harry and Draco have a duel?kitchen
46%
Complete this Ron quote 'Because of me! I'm extremely famous.My nose experiments are ...' what?legendary
46%
Which Hogwarts ghost did Albus and Scorpius ask for help to get them to the lake?Moaning Myrtle
46%
What potion did Delphi produce to transform herself Albus and Scorpius into Ministry employees?Polyjuice
46%
Complete this James quote 'Slythering Slytherin stop with your dithering time to get onto the ...' what?train
46%
When Albus ended up in the hospital wing Madam Pomfrey had to reset which part of his body?arm
44%
Why didn't Delphi get to go to Hogwarts when she was younger?illness
44%
What did Albus and Scorpius use to hide from Professor McGonagall?invisibility cloak
44%
How often did Harry say he wrote to his eldest son last year?Three times a week
44%
What did Harry use to change himself into Voldemort to stop Delphi?Transfiguration
44%
Who tried to stop Scorpius and Albus from jumping off the roof of the train?Trolley witch
44%
What did Scorpius tell Rose she smelt like?Fresh bread
43%
Albus told Scorpius he couldn't be Voldemort's son because he was too what?kind
43%
What was the full name of the announcer of the Triwizard Tournament?Ludo Bagman
43%
What was Professor McGonagall going to use to watch Albus' every movement to make sure he stayed away from Scorpius?Marauders Map
43%
Who did this person kill in the Battle Of Hogwarts? (full name please)Neville Longbottom
43%
What year did Albus and Scorpius use the Time Turner to go back in time to?1994
41%
What spell did Scorpius use to open the door to Hermione's office?Alohomora
41%
Complete this Scorpius quote 'I don't know whether to high five you or frown at you for kissing your ... about five hundred times!' what word is missing?Aunt
41%
What was the name of the centaur Harry asked for help finding Albus in the forest?Bane
41%
In Task One of the Triwizard Tournament what did Cedric transfigure a stone into?dog
41%
When the old Harry woke up from his dream he told Ginny he had seen Albus dressed in which schools robes?Durmstrang
41%
What spell did Albus use to make the soap bigger in the girls bathroom?engorgio
41%
And what did he send Albus?love potion
41%
What nickname did Scorpius have?Scorpion King
41%
What pages in the Daily Prophet does Ginny edit?Sports
41%
What year was it that Delphi had returned to?1981
40%
While reading The History Of Magic in the alternate present who did Scorpius find out was still alive and had become a Death Eater? (full name please)Cedric Diggory
40%
When Snape cast a Patronus against Umbridge what animal form did it take?Doe
40%
What spell were Albus and Delphi practising in their hiding place?Expelliarmus
40%
Where did Harry think Albus and Scorpius were hiding at Hogwarts?Forbidden Forest
40%
Who came to rescue Baby Harry from the Potter house before the police came?Hagrid
40%
And what was the name of their child?Panju
40%
Conplete this Hermione quote 'Do you think there's a point where we made a choice ... of the year or Ministry official of the year?' what word is missing?parent
40%
Who said this line 'Oh Merlin's beard how humiliating! He really isn't like his father at all us he' ? (full name please)Polly Chapman
40%
What colours were Delphi's hair?Silver Blue
40%
After Albus and Scorpius had changed the events of the Triwizard Tournament Hermione attended the Yule Ball with Ron as she was too suspicious of who?Viktor Krum
40%
What day were people celebrating that Scorpius was apparently ruining?Voldemort Day
40%
What punishment did Professor McGonagall give Scorpius and Albus?detention
38%
In the alternate present was Snape a Death Eater or a member of Dumbledore's Army?Dumbledore's Army
38%
What did Ginny tell Lily she couldn't wear for school?fairy wings
38%
Which team were Slytherin playing in the Quidditch match Scorpius went to watch?Hufflepuff
38%
Delphi told Harry that if he wouldn't let her see Voldemort then he might as well do what to her?kill her
38%
In the alternate present what type of people were kept in the dungeons?Mudbloods
38%
Complete this Scorpius quote 'Its time that time turning became a thing of the ...' what?past
38%
What did Albus as Ron tell Hermione he wanted them to have?baby or holiday
37%
She also cancelled their celebration of which holiday?Christmas
37%
Complete this Draco quote 'If you need gold everything the Malfoys have He's my sole heir.He's my only ...' what?family
37%
Complete this Ginny quote 'I can ... you for one mistake Harry maybe even two but the more mistakes you make the harder to .. you it becomes' what word is missing twice?forgive
37%
What group of creatures were arriving to have a meeting with Hermione about security at Gringotts?Goblins
37%
Complete this Scorpius quote 'The ... changes and we change with it.I am better off in this ... But the ... is not better.And I don't want that' what word is missing three times?world
37%
Was Draco Scorpius' real father?Yes
37%
And which spell did she use to kill Craig?Avada Kedavra
35%
Who was Delphi's mother? (full name please)Bellatrix Lestrange
35%
What was the special event that Polly wanted Scorpius to ask her to go with him to called?Blood Ball
35%
Complete this Snape quote 'One person.All it takes is one person.I couldn't save Harry for Lily.So now I give my allegiance to the ... she believed in.And its possible that along the way I started believing in it myself' what word is missing?cause
35%
What spell did she use on Scorpius instead?Crucio
35%
What subject did Hermione teach at Hogwarts in the alternate present scenes? (abbreviation accepted)Defense Against The Dark Arts
35%
What were Ron and Hermione doing when they were killed by the Dementors in the alternate present?Kissing
35%
Where did Hermione tell Delphi she would be sent?Azkaban
33%
Complete this other McGonagall quote 'Your intentions to save Cedric were honourable if misguided. And it does sound as if you were brave Scorpius and you Albus but the lesson even your father sometimes failed to heed is that ... doesn't forgive stupidity. Always think.Think whats possible.' what word is missing?bravery
33%
What object did Delphi call an 'unwielding unnecessary object'?broom
33%
Complete this Harry quote that was originally told to him by Dumbledore 'The truth is a beautiful and terrible thing and should therefore be treated with great ...' what?caution
33%
Complete this Albus quote 'I didn't ... you know that I didn't ... to be his son' what word is missing twice?choose
33%
In Harry's dream where did he visit with his Aunt Petunia that she called a 'hive of filth' ?Godrics Hollow
33%
Complete this Amos quote 'I know I don't have a ... because I never had any brothers or sisters.Nor did my wife' what word is missing?niece
33%
Where did Delphi take Albus and Scorpous where the third Triwizard Tournament task was held?Quidditch pitch
33%
What was Hogwarts motto in the alternate present? 'For Voldemort and ...' what?Valour
33%
Harry told Albus to stay away from Scorpius because he was what?dangerous
32%
What did Ron suggest to Hermione that they do again as he was too drunk to remember it the first time?get married
32%
Complete this reply from Harry 'If you answer the .. you feed the ... They've been rumours Voldemort had a child for years.Scorpius isn't the first to be accused.The Ministry for your sake as well as ours needs to stay well clear' what word is missing twice?gossip
32%
Who did Hermione tell Draco she had asked to help them look for Albus and Scorpius after they were reported missing?Muggles
32%
Who did Professor McGonagall think was responsible for stealing from the Potions store at Hogwarts?Peeves
32%
Delphi wanted Cedric humiliated so he would fly naked on his broomstick made of what colour feather dusters?purple
32%
What did Harry say you could become addicted to?Sugar
32%
Complete this Harry quote 'But there is one truth we can't escape.Thst somewhere in our past a witch is trying to rewrite everything we ever knew and all we can do is ... for the moment she either succeeds or fails' what word is missing?wait
32%
Complete this Hermione quote 'We haven't given up.We've gone to the giants.The trolls.Everyone we can find.The ... are out flying searching talking to those who know secrets following those who won't reveal secrets.' what word is missing?Aurors
30%
What did this centaur tell Harry he had seen around Albus that would endanger them all?black cloud
30%
What tried to kill the trio in Hermione's office?Books
30%
Complete this Prophecy quote 'When spares are spared when time is turned when unseen children murder their ... Then will the Dark Lord return.' what word is missing?fathers
30%
What did Scorpius tell Albus Rose was quite what?fierce
30%
Name one of the sweets this person offered them?Fizzing Whizbees
30%
In the alternate present who's job did Draco have?Harry's
30%
Ron had to go to Hogwarts because his son got into trouble and gave himself a what?moustache
30%
Complete this Scorpius quote 'The Malfoys.The family you can always rely on to make the world a ... place' what word is missing?murkier
30%
What did Lily say Ron smelt like when he performed his trick?Porridge
30%
And this one 'The smallest moment the smallest change it creates ... And we've created really bad .. ' what word is missing twice?ripples
30%
What made Harry think that something connected to Voldemort was back to cause trouble?Scar hurt
30%
Ginny told Harry she thought Delphi was here to see Voldemort but not to kill Harry but to stop Voldemort True or False?True
30%
What did Amos tell Delphi to put in the Ministry official's drink so he would tell them where the Time Turner was hidden?Veritaserum
30%
Which feature of Godrics Hollow did they all choose to hide to wait for Delphi as it gave them.the best view from all sides?Church
29%
If this person goes outside what will they be subjected to that will kill them ?Dementors Kiss
29%
What was the first name of Hermione's secretary?Ethel
29%
What game did Ginny say children just want someone to play a game of with them?Exploding Snap
29%
What did this potion taste of?fish
29%
What did Delphi tell Albus his weakness was?friendship
29%
What was the game Scorpius used to play with his imaginary best friend Flurry?gobstones
29%
What job title did Harry have at the Ministry?Head of Magical Law Enforcement
29%
Where was she born before The Bsttle of Hogwarts?Malfoy Manor
29%
Which part of Hogwarts did they go to destroy the Time Turner?Owlery
29%
Scorpius decided they would use which spell to destroy it?Stupefy
29%
What was the full name of the wizard who Harry put in custody and took a magical object from?Theodore Nott
29%
What did Delphi have tattooed on the back of her neck?Augurey
27%
Albus also suggested which spell?Bombarda
27%
Complete this other Harry quote 'Of course you're coming.We have a ... Ginny by Dumbledore and that's all we need a ...' what word is missing twice?chance
27%
What type of General Meeting was organised by Hermione and Harry at the Ministry?Extraordinary
27%
What spell did Albus say Delphi would have to use on them to make them obey her?Imperio
27%
Harry discovered he still had the ability to do what eventhough Voldemort died years before?Speak Parseltongue
27%
At the beginning of Act Two a young Harry woke up from a nightmare where was he?The Dursleys
27%
What number did Harry dial in the telephone box to leave the Ministry?62442
25%
Complete this Harry quote 'I shouldn't have survived.It was my destiny to die even Dumbledore thought so and yet I lived.I beat Voldemort.All these people my parents Fred the ... Fifty and its me that gets to live?How is that?All this damage and it's my fault' what word is missing?Fallen
25%
What was a new feature of Godrics Hollow in the present day?Farmers Market
25%
Who did Draco's Time Turner originally belong to? (full name please)Lucius Malfoy
25%
What ingredient in love potions would cause this object with the message on to burn if demiguise was mixed with it?pearl dust
25%
What did Harry hide under after Delphi disarmed him?pew
24%
Complete this Scorpius quote 'Let's focus on the fact that we have no wands no brooms no means of returning to our time.All we have is our ... and we have to stop her' what word is missing?wits
24%
What was the full name of the student Scorpius told to do his Potions homework for him?Craig Bowker Jr
22%
Complete this McGonagall quote 'So to be clear you illegally jumped off the Hogwarts Express you invaded and stole from the Ministry of Magic and you took it upon yourself to change time whereupon you ... two people' what's the missing word?disappeared
22%
What did Draco ask Harry for at the train station?favour
22%
Ron told Harry he could write songs about the pain his what give him?feet
22%
Complete this Delphi quote 'Do not mistake I would not claim to be ... of you Lord.But I have devoted my life to being a child you could be proud of' what word is missing?worthy
22%
What did Ron say they would do to Delphi once they had trapped her?zap her
22%
Complete this Dumbledore quote 'To suffer is as human as to ...' what?breathe
21%
Whose grave did Harry take Albus to at the end of the Play?Cedrics
21%
What did the message say that was burnt into the object?Dad Help Godrics Hollow 31 10 81
21%
What did Ron send Lily as a joke gift?farting gnomes
21%
Dumbledore told Harry that he had never loved anyone without causing them what?harm
21%
In which country did Hernione say there were mountain trolls riding Graphorns through?Hungary
21%
And this one 'And your response to disappearing Hugo and Rose was to go back in time again and this time instead of losing two people you lost a huge number of people and killed your Father and in doing so ... the worst wizard the world has ever known and heralded in a new age of Dark Magic' what word is missing?resurrected
21%
What did their hands magically change to?spikes
21%
How long had this person worked on the Hogwarts Express?190 years
19%
Complete this Harry quote 'If you were trying to do what I did you went the wrong way about it.I didn't volunteer for ... I was forced into it.You did something reckless something really stupid and dangerous something that could have destroyed everything' what's the missing word?adventure
19%
Complete this Delphi quote 'I am the new past.I am the new future.I am the ... this world has been looking for ' what word is missing?answer
19%
What name did Rose call Scorpius in Potions class?Bread Head
19%
What did this person say he could smell the stench of in the air?guilt
19%
Complete this Albus quote 'The poor orphan who went on to save us all So may I say on behalf of wizarding kind how grateful we are for your ...Should we bow now or will a curtsey do?' what word is missing?heroism
19%
What were the names of the other two Hogwarts students seen on stage quite a lot during the play?Karl Jenkins and Yann Fredericks
19%
Who did Delphi say told her all about the Prophecy and who her parents were? (full name please)Rodolphus Lestrange
19%
What did Ron tell Scorpius that would set the changes they made right to block the spells they used on Cedric?Shield Charm
19%
What was the name of the church at Godrics Hollow?St Jeromes
19%
Complete this Ginny quote 'Harry you'd do anything for anybody.You were pretty happy to sacrifice yourself for the world.He needs to feel specific love.It'll make him ... and you ... too' what word is missing twice?stronger
19%
At St Oswalds what type of dance are male nurses made to do?tango
19%
What did Albus and Harry go for together when Harry visited him at Hogwarts?walk
19%
Complete this Harry quote 'But the thing that scares me the most Albus Severus Potter is being a dad to you because i'm operating without ... here' what?wires
19%
The next riddle was a book about the truth about which name?Marvolo
17%
When Albus and Scorpius were reunited in the present what did Albus say he saw underwater?Merman
17%
Which Weasleys Wizard Wheezes product did Ron use to show Lily a trick?Nose stealing breath
17%
What did Harry tell Albus he was scared of as well as the dark and small spaces?pigeons
17%
Which spell did Delphi use to seal the doors so the others couldn't get out to fight her?Colloportus
16%
What was the full name of Delphi's guardian who looked after when she was growing up for gold?Euphemia Rowle
16%
What was Ron and Neville drinking in Hogsmeade when they saw Albus Scorpous and Delphi on the roof?Firewhisky
16%
In this same dream who also appeared at the same place with Albus in their cloak?Lord Voldemort
16%
In what type of building did the parents and Ron and Hermione find Albus and Scorpius in at Godrics Hollow when they went back in time?shed
16%
What noise did the Time Turner make before it returned Albus and Scorpius to the present?ticking
16%
How did Albus get into the room to help protect his Dad from Delphi's curses?trapdoor
16%
Complete this reply from Albus 'Things need fixing Scorpius.Cedric still needs saving.Rose needs bringing back.We'll be more careful.Whatever Croaker says ... me ... us We'll get it right this time' what word is missing twice this time?trust
16%
Where did she say she worked at St Oswalds Home For Old Witches and Wizards?Upper Flagley
16%
What spell did Hermione use to trap Delphi and bind her?Brachiabindo
14%
What was the room under the Whomping Willow called where Scorpius told Hermione and Ron about the real present?Campaign Room
14%
What spell did Cedric use to free Albus and Scorpius after rescuing them from Delphi?Emancipare
14%
What did Ginny find in Delphi's room thst spoke in parseltongue to reveal the wall were the Prophecy was written?lamp
14%
What spell did Albus cast to create a Cushioning Charm when he jumped off the train?Molliare
14%
What was the title of the book the Time Turner was hidden in?Shadows and Spirits
14%
What spell did Scorpius initially want to use to destroy the Time Turner?Confringo
13%
Which spell did Delphi use to bind Scorpius and Albus to stop them running away from her?Fulgari
13%
What was the title of the book written by Sybil Trelawney that spoke to the trio in Hermione's office?My Eyes and How To See Past Them
13%
And which spell did Albus want to use?Expulso
11%
Which train station did Albus and Scorpius end up at in Act Four?Aviemore
10%

Score Distribution

Percentile by Number Answered

Percent of People with Each Score

Your Score History

You have not taken this quiz since the last reset